Evaluación de la capacidad operativa de Río Azul y rediseño del relleno sanitario
Сохранить в:
| Главный автор: | |
|---|---|
| Другие авторы: | |
| Формат: | |
| Опубликовано: |
San José, Costa Rica
2001
|
| Предметы: | |
| Метки: |
Добавить метку
Нет меток, Требуется 1-ая метка записи!
|
MARC
| LEADER | 00000nam a2200000Ia 4500 | ||
|---|---|---|---|
| 003 | 008867 | ||
| 005 | 20240819110600.0 | ||
| 008 | 140114s2001 cr a m 000 ||s d | ||
| 040 | |c cru CEDI | ||
| 090 | |a TFG 4428 | ||
| 100 | |a Salazar Abarca, Reyes Rodrigo, 1964- |9 3527 | ||
| 245 | |a Evaluación de la capacidad operativa de Río Azul y rediseño del relleno sanitario | ||
| 260 | |a San José, Costa Rica |c 2001 | ||
| 300 | |a xv, 244 páginas : ilustraciones | ||
| 500 | |a Proyecto de graduación (licenciatura en ingeniería química)--Universidad de Costa Rica. Facultad de Ingeniería. Escuela de Ingeniería Química | ||
| 501 | |a Director de Proyecto de Graduación: Dr. Ing. Harry Castillo Valle | ||
| 650 | |x RELLENOS SANITARIOS |x RESIDUOS SOLIDOS |x GESTION AMBIENTAL |x RELLENO SANITARIO RIO AZUL (LA UNION, CARTAGO, COSTA RICA) |9 7538 | ||
| 700 | |a Castillo Valle, Harry, 1951- |d Director del TFG |9 1846 | ||
| 942 | |c TFG |h TFG 4428 |i 008867 |6 TFG_4428_008867000000000 | ||
| 999 | |c 18013 |d 18013 | ||
